000 00669nam a22002297a 4500
005 20201021110312.0
008 201021b ||||| |||| 00| 0 eng d
020 _a9789389865134
040 _cCLNC
041 _deng
082 _a371.9046
_bSEN
100 _aSengupta, Indrani
_eauthor
245 _aInclusive education/
_cby Indrani Sengupta, Malina Basumatary and Abilupta Padmanathan Gohain
250 _a1st ed.
260 _aDibrugarh:
_bBanalata,
_c2020
300 _a110p.
650 _aEducation
650 _aChildren with diverse needs
700 _aBasumatary, Malina
_eauthor
700 _aGohain, Abilupta Padmanathan
_eauthor
942 _2ddc
_cBK
999 _c11066
_d11066